Állampolgári jogok külföldiek jogai : segédlet /

Elmentve itt :
Bibliográfiai részletek
Szerző: Tóth Judit
Dokumentumtípus: Könyv
Megjelent: 2014-05
Tárgyszavak:
Online Access:http://eta.bibl.u-szeged.hu/2275
LEADER 00685nnm a2200205 i 4500
001 eta2275
005 20191114084201.0
008 191114s2014 hu o 0|| hun d
040 |a SZTE Elektronikus Tananyag Archívum  |b hun 
041 |a hun 
100 1 |a Tóth Judit 
245 1 0 |a Állampolgári jogok   |h [elektronikus dokumentum] :  |b külföldiek jogai : segédlet /  |c  Tóth Judit 
260 |c 2014-05 
300 |a 44 
516 |a Book 
650 4 |a Társadalomtudományok 
650 4 |a Jogtudomány 
650 4 |a Jog, kriminológia, büntetéstudomány 
650 4 |a Nemzetközi kapcsolatok 
856 4 0 |u https://eta.bibl.u-szeged.hu/2275/1/toth_judit_allampolgari_jogok.pdf  |z Dokumentum-elérés